[Event "CAN-ch U20 1982-83"]
[Site "Toronto CAN"]
[Date "1982.12.27"]
[Round "2"]
[White "Lingo, Richard"]
[Black "Gardner, Robert"]
[Result "1/2-1/2"]
[WhiteElo "1871"]
[BlackElo "1916"]
[PlyCount "81"]
[GameId "2160767912811081"]
[EventDate "1982.12.26"]
[EventType "tourn"]
[EventRounds "11"]
[EventCountry "CAN"]
[SourceTitle "FQE 05"]

1. c4 Nf6 2. Nc3 g6 3. g3 Bg7 4. Bg2 O-O 5. d3 d6 6. Rb1 c5 7. a3 Nbd7 8. Qc2 Ne8 9. b4 Nc7 10. e3 Rb8 11. Nge2 b6 12. Bb2 Bb7 13. e4 f5 14. O-O fxe4 15. dxe4 Ne5 16. Nd5 Nxd5 17. exd5 cxb4 18. axb4 Rc8 19. Bxe5 Bxe5 20. f4 Bg7 21. f5 g5 22. Qe4 Rc7 23. h4 gxh4 24. Nf4 Bc8 25. g4 a6 26. Rf3 b5 27. cxb5 axb5 28. Bf1 Rc3 29. Bd3 Qb6+ 30. Kg2 Be5 31. Ne6 Rf7 32. Rbf1 Qa6 33. g5 Bxe6 34. fxe6 Qa2+ 35. R1f2 h3+ 36. Kxh3 Rxf3+ 37. Rxf3 Qh2+ 38. Kg4 Qg2+ 39. Kh4 Qh2+ 40. Kg4 Qg2+ 41. Kh4 1/2-1/2

[Event "CAN-ch U20 1982-83"]
[Site "Toronto CAN"]
[Date "1982.12.27"]
[Round "2"]
[White "O'Donnell, Tom"]
[Black "Dauvergne, Peter"]
[Result "1-0"]
[WhiteElo "2163"]
[BlackElo "1991"]
[PlyCount "75"]
[GameId "2160767912811082"]
[EventDate "1982.12.26"]
[EventType "tourn"]
[EventRounds "11"]
[EventCountry "CAN"]
[SourceTitle "FQE 05"]

1. e4 e6 2. d4 d5 3. Nd2 Nf6 4. e5 Nfd7 5. f4 c5 6. c3 Nc6 7. Ndf3 Qb6 8. Ne2 f6 9. g3 Be7 10. Bh3 f5 11. O-O Qc7 12. Be3 b6 13. Rf2 h6 14. Rc1 g5 15. g4 Rg8 16. Rg2 h5 17. gxf5 g4 18. fxe6 Nf8 19. f5 Nxe6 20. fxe6 Bxe6 21. Nf4 gxh3 22. Rxg8+ Bxg8 23. dxc5 Bxc5 24. Bxc5 bxc5 25. Nxh3 O-O-O 26. Qe2 Be6 27. Nhg5 Bg4 28. Qa6+ Kb8 29. Qb5+ Ka8 30. Qxc5 Qd7 31. Re1 Rc8 32. e6 Qg7 33. e7 Kb7 34. Kf2 Re8 35. h3 Bd7 36. Qb5+ Kc7 37. Ne6+ Bxe6 38. Rxe6 1-0

[Event "CAN-ch U20 1982-83"]
[Site "Toronto CAN"]
[Date "1982.12.27"]
[Round "2"]
[White "Woodley, James"]
[Black "Barclay, Wayne"]
[Result "1-0"]
[WhiteElo "2078"]
[BlackElo "2177"]
[PlyCount "173"]
[GameId "2160767912811083"]
[EventDate "1982.12.26"]
[EventType "tourn"]
[EventRounds "11"]
[EventCountry "CAN"]
[SourceTitle "FQE 05"]

1. b4 Nf6 2. Bb2 e6 3. b5 d5 4. Nf3 Bd6 5. e3 O-O 6. Be2 c5 7. O-O Nbd7 8. c4 b6 9. Qc2 Bb7 10. d3 Qc7 11. Nbd2 Rfe8 12. h3 Rad8 13. Rfd1 e5 14. Ne1 Nf8 15. cxd5 Nxd5 16. Nc4 Ng6 17. a4 Bf8 18. a5 f5 19. axb6 axb6 20. Qb3 Kh8 21. Ra7 Ra8 22. Rda1 Rxa7 23. Rxa7 Qb8 24. Qa2 Nb4 25. Qa1 Bd5 26. Bh5 Bxc4 27. Bxg6 hxg6 28. dxc4 Bd6 29. Rd7 Rd8 30. Rxd8+ Qxd8 31. Nf3 Nd3 32. Nxe5 Nxe5 33. Bxe5 Bxe5 34. Qxe5 Kh7 35. Kh2 Qd2 36. Kg3 Qd8 37. Qe6 Qg5+ 38. Kh2 Qd8 39. f3 Qc7+ 40. Kg1 Qd8 41. Kf2 Qd2+ 42. Kg3 Qd8 43. Qd5 Qg5+ 44. Kf2 Qh4+ 45. Ke2 Qf6 46. g4 Qb2+ 47. Kf1 f4 48. exf4 Qc1+ 49. Kf2 Qxf4 50. Kg2 Qc7 51. h4 Qe7 52. h5 gxh5 53. Qxh5+ Kg8 54. Qd5+ Kf8 55. Kh3 Qc7 56. Kh4 Qe7+ 57. Kh5 Qe8+ 58. Kg5 Qb8 59. Kg6 Qe8+ 60. Kh7 Qe2 61. g5 Qc2+ 62. Qe4 Qh2+ 63. Kg6 Qd6+ 64. Kf5 Qd7+ 65. Kf4 Qd2+ 66. Kg4 Qg2+ 67. Kf5 Qd2 68. Qa8+ Ke7 69. Qb7+ Kf8 70. Qc8+ Ke7 71. Qe6+ Kd8 72. Qd5+ Qxd5+ 73. cxd5 Ke7 74. Ke5 Kf7 75. f4 g6 76. f5 c4 77. Kd4 c3 78. Kxc3 gxf5 79. d6 Ke6 80. g6 Kxd6 81. g7 Kc5 82. g8=Q Kxb5 83. Qd5+ Ka4 84. Kc4 Ka3 85. Qb5 Ka2 86. Kc3 Ka1 87. Qb2# 1-0

[Event "CAN-ch U20 1982-83"]
[Site "Toronto CAN"]
[Date "1982.12.28"]
[Round "3"]
[White "Bailey, Doug"]
[Black "Gardner, Robert"]
[Result "0-1"]
[WhiteElo "2105"]
[BlackElo "1916"]
[PlyCount "196"]
[GameId "2160767912811085"]
[EventDate "1982.12.26"]
[EventType "tourn"]
[EventRounds "11"]
[EventCountry "CAN"]
[SourceTitle "FQE 05"]

1. e4 e5 2. Nf3 Nc6 3. Bb5 a6 4. Ba4 Nf6 5. O-O b5 6. Bb3 Be7 7. Re1 d6 8. c3 O-O 9. h3 Nb8 10. d4 Nbd7 11. Nbd2 Bb7 12. Bc2 c5 13. d5 g6 14. Nf1 Nh5 15. Bh6 Ng7 16. Ng3 Re8 17. Qd2 Nf6 18. Nh2 Ngh5 19. Rf1 Nxg3 20. fxg3 Nh5 21. Qf2 f6 22. g4 Ng7 23. Rae1 Rf8 24. Re3 Bc8 25. Rf3 Qe8 26. Qh4 f5 27. Bg5 fxg4 28. hxg4 Rxf3 29. Nxf3 Ra7 30. Bd1 Qd8 31. Bxe7 Qxe7 32. Ng5 Ne8 33. Rf7 Qxf7 34. Nxf7 Rxf7 35. Qd8 Bd7 36. Qa8 Kf8 37. Bf3 Ke7 38. Qxa6 g5 39. b3 h6 40. a4 bxa4 41. bxa4 Rf8 42. Qb6 Bxa4 43. Qb7+ Bd7 44. Be2 Nf6 45. Bb5 Rf7 46. c4 Rf8 47. Bc6 Rf7 48. Qb3 Rf8 49. Qh3 Rh8 50. Kf1 Rh7 51. Ke1 Rh8 52. Kd2 Rh7 53. Bxd7 Nxd7 54. Qh5 Nf8 55. Kc3 Rh8 56. Kb3 Rh7 57. Ka4 Kd8 58. Kb5 Kd7 59. Kb6 Ke7 60. Kc6 Rh8 61. g3 Rh7 62. Qh1 Nd7 63. Qf1 Nb8+ 64. Kb7 Nd7 65. Qf5 Nf8 66. Kc6 Rg7 67. Qc8 Rg6 68. Qc7+ Ke8 69. Kb7 Rf6 70. Kc8 Rg6 71. Qd8+ Kf7 72. Kc7 Rf6 73. Kc6 Rg6 74. Qa5 Ke7 75. Kc7 Rf6 76. Qa7 Rg6 77. Qb8 Rf6 78. Qd8+ Kf7 79. Qxd6 Rxd6 80. Kxd6 Nh7 81. Kxc5 Ke7 82. Kb6 Nf6 83. c5 Nxe4 84. c6 Nd6 85. Kc5 Nc8 86. Kb5 Kd6 87. Kc4 Nb6+ 88. Kd3 Nxd5 89. Ke4 Nf6+ 90. Kf5 e4 91. Kxf6 e3 92. Kg6 e2 93. Kxh6 e1=Q 94. Kxg5 Qxg3 95. Kf5 Kxc6 96. g5 Kd6 97. Kf6 Qf4+ 98. Kg6 Ke6 0-1

[Event "CAN-ch U20 1982-83"]
[Site "Toronto CAN"]
[Date "1982.12.28"]
[Round "3"]
[White "Barclay, Wayne"]
[Black "Bolduc, Steve"]
[Result "1/2-1/2"]
[WhiteElo "2177"]
[BlackElo "2099"]
[PlyCount "90"]
[GameId "2160767912811086"]
[EventDate "1982.12.26"]
[EventType "tourn"]
[EventRounds "11"]
[EventCountry "CAN"]
[SourceTitle "FQE 05"]

1. d4 d5 2. c4 c6 3. Nc3 Nf6 4. Nf3 dxc4 5. a4 Bf5 6. e3 e6 7. Bxc4 Bb4 8. O-O O-O 9. Qe2 Bg4 10. Rd1 Qc7 11. h3 Bh5 12. e4 Nbd7 13. e5 Nd5 14. Bd2 Nxc3 15. bxc3 Be7 16. Rac1 Rfd8 17. Bd3 Nf8 18. Bf4 Bg6 19. c4 c5 20. dxc5 Bxd3 21. Rxd3 Rxd3 22. Qxd3 Rd8 23. Qe4 Bxc5 24. Rb1 b6 25. a5 bxa5 26. Rb7 Qc8 27. Bd2 a4 28. Rb5 h6 29. Rb1 Qa8 30. Qxa8 Rxa8 31. Ra1 a3 32. Bc1 Nd7 33. Bxa3 a5 34. Kf1 a4 35. Ke2 Kf8 36. Kd3 Ke8 37. Ra2 f6 38. exf6 gxf6 39. Bxc5 Nxc5+ 40. Kd4 Rc8 41. Nd2 Kd7 42. f3 Kc6 43. Kc3 Rd8 44. Ne4 Rd3+ 45. Kc2 Rd4 1/2-1/2

[Event "CAN-ch U20 1982-83"]
[Site "Toronto CAN"]
[Date "1982.12.28"]
[Round "3"]
[White "Dauvergne, Peter"]
[Black "Woodley, James"]
[Result "0-1"]
[WhiteElo "1991"]
[BlackElo "2078"]
[PlyCount "90"]
[GameId "2160767912811087"]
[EventDate "1982.12.26"]
[EventType "tourn"]
[EventRounds "11"]
[EventCountry "CAN"]
[SourceTitle "FQE 05"]

1. d4 Nf6 2. c4 g6 3. Nc3 Bg7 4. e4 d6 5. Be2 O-O 6. Bg5 c6 7. Qd2 a6 8. a4 a5 9. Nf3 Na6 10. O-O Nb4 11. Rad1 Re8 12. Nh4 Qc7 13. Bh6 e5 14. d5 c5 15. Bxg7 Kxg7 16. f4 exf4 17. Qxf4 Qe7 18. Rf2 Nd7 19. Rdf1 Ne5 20. Qg3 Kh8 21. Nf3 Ng4 22. Ng5 Nxf2 23. Rxf2 f6 24. Nf3 Bd7 25. h4 Rg8 26. Nh2 Raf8 27. Nf3 b6 28. b3 f5 29. exf5 Rxf5 30. Ng5 Rxf2 31. Qxf2 Rf8 32. Qg3 Qe5 33. Qxe5+ dxe5 34. Nce4 h6 35. Nf3 Bg4 36. Kh2 Kg7 37. Kg3 Bf5 38. Nd6 Bc2 39. Nxe5 Bxb3 40. Bg4 Bxa4 41. Nc8 Be8 42. d6 a4 43. d7 Bxd7 44. Nxd7 a3 45. Nxf8 Kxf8 0-1

[Event "CAN-ch U20 1982-83"]
[Site "Toronto CAN"]
[Date "1982.12.28"]
[Round "3"]
[White "Kuznecov, Alex"]
[Black "Moffat, Andrei"]
[Result "1/2-1/2"]
[WhiteElo "2164"]
[BlackElo "1946"]
[PlyCount "98"]
[GameId "2160767912811089"]
[EventDate "1982.12.26"]
[EventType "tourn"]
[EventRounds "11"]
[EventCountry "CAN"]
[SourceTitle "FQE 05"]

1. e4 e5 2. Nf3 Nf6 3. Nxe5 d6 4. Nf3 Nxe4 5. d4 d5 6. Bd3 Be7 7. O-O Nc6 8. Re1 Bg4 9. c4 Nf6 10. Be3 O-O 11. Nc3 dxc4 12. Bxc4 Bxf3 13. Qxf3 Nxd4 14. Bxd4 Qxd4 15. Rxe7 Qxc4 16. Qxb7 Rab8 17. Qxc7 Qxc7 18. Rxc7 Rxb2 19. Re1 g6 20. Kf1 Rc2 21. Re2 Rc1+ 22. Re1 Rc2 23. f3 Rb8 24. Re2 Rbb2 25. Rxa7 Rxe2 26. Nxe2 Nd5 27. Ra3 h5 28. Rd3 Ne7 29. a3 Nf5 30. Ke1 Ra2 31. Kf2 Kg7 32. g4 hxg4 33. fxg4 Nh6 34. h3 g5 35. Kf3 f5 36. Nd4 Kf6 37. Nxf5 Nxf5 38. gxf5 Kxf5 39. Rd5+ Kg6 40. Ra5 Kh5 41. Kg3 Rb2 42. Rf5 Ra2 43. Rf3 Ra1 44. Rb3 Ra2 45. Kf3 Kh4 46. Ke4 Re2+ 47. Kf5 Rf2+ 48. Kg6 Ra2 49. Kh6 Ra1 1/2-1/2

[Event "CAN-ch U20 1982-83"]
[Site "Toronto CAN"]
[Date "1982.12.28"]
[Round "3"]
[White "Lingo, Richard"]
[Black "O'Donnell, Tom"]
[Result "1/2-1/2"]
[WhiteElo "1871"]
[BlackElo "2163"]
[PlyCount "69"]
[GameId "2160767912811090"]
[EventDate "1982.12.26"]
[EventType "tourn"]
[EventRounds "11"]
[EventCountry "CAN"]
[SourceTitle "FQE 05"]

1. Nf3 Nf6 2. c4 c6 3. g3 g6 4. b3 Bg7 5. Bb2 O-O 6. Bg2 d5 7. O-O Re8 8. e3 Bf5 9. d3 Nbd7 10. Nd4 Nf8 11. Nxf5 gxf5 12. Nd2 Qd7 13. Nf3 Ng6 14. Qc2 Rad8 15. Rfd1 h6 16. b4 e5 17. d4 e4 18. Ne1 Rc8 19. c5 h5 20. h4 Ng4 21. Bh3 Re6 22. Ng2 Bh6 23. Bc1 Qe7 24. Qb3 Qc7 25. Re1 Kh7 26. a4 Rg8 27. Bxg4 fxg4 28. Nf4 Bxf4 29. exf4 Ne7 30. Be3 Nf5 31. Qc3 Qe7 32. Kg2 Reg6 33. Rh1 Qd7 34. Ra2 a6 35. a5 1/2-1/2

[Event "CAN-ch U20 1982-83"]
[Site "Toronto CAN"]
[Date "1982.12.29"]
[Round "4"]
[White "Bolduc, Steve"]
[Black "Dauvergne, Peter"]
[Result "1-0"]
[WhiteElo "2099"]
[BlackElo "1991"]
[PlyCount "83"]
[GameId "2160767912811091"]
[EventDate "1982.12.26"]
[EventType "tourn"]
[EventRounds "11"]
[EventCountry "CAN"]
[SourceTitle "FQE 04"]

1. c4 Nf6 2. Nc3 e6 3. e4 d5 4. e5 Nfd7 5. cxd5 Nxe5 6. d4 Ng6 7. Bb5+ c6 8. dxc6 Nxc6 9. Nf3 Be7 10. Be3 O-O 11. h4 Qc7 12. Qc1 Bb4 13. O-O Bd7 14. Bd3 Rfd8 15. Nb5 Qc8 16. h5 Nf8 17. a3 Ba5 18. h6 Ne7 19. hxg7 Nfg6 20. Qd1 Bc6 21. Rc1 Qd7 22. Nc3 Kxg7 23. Ng5 Nd5 24. Qh5 Nf6 25. Nxe6+ Qxe6 26. Qxa5 Bxg2 27. Bf5 b6 28. Bxe6 bxa5 29. Kxg2 fxe6 30. Na4 Rd5 31. Rc7+ Kh8 32. Nc5 Nh4+ 33. Kh3 Rh5 34. Nxe6 Nf5+ 35. Kg2 Nh4+ 36. Kg3 Rg8+ 37. Ng5 Ne4+ 38. Kg4 Nxg5 39. Kxh5 Nhf3 40. Rfc1 Ne4 41. Rf7 Nfd2 42. Rcc7 1-0

[Event "CAN-ch U20 1982-83"]
[Site "Toronto CAN"]
[Date "1982.12.29"]
[Round "4"]
[White "Gardner, Robert"]
[Black "Hotz, Glyn"]
[Result "1-0"]
[WhiteElo "1916"]
[BlackElo "2044"]
[PlyCount "96"]
[GameId "2160767912811092"]
[EventDate "1982.12.26"]
[EventType "tourn"]
[EventRounds "11"]
[EventCountry "CAN"]
[SourceTitle "FQE 05"]

1. e4 d6 2. d4 Nf6 3. Nc3 g6 4. Nf3 Bg7 5. Be2 c6 6. O-O b5 7. a4 b4 8. Na2 Nxe4 9. Nxb4 a5 10. Nd3 O-O 11. h3 Bd7 12. c3 Na6 13. Nh2 h6 14. Ng4 f5 15. Nh2 Kh7 16. Bf3 Nc7 17. h4 Nd5 18. Re1 Ndf6 19. g3 Rb8 20. Kg2 Be6 21. g4 Bb3 22. Qe2 fxg4 23. Nxg4 Nxg4 24. Bxe4 Qd7 25. h5 Bc4 26. Bxg6+ Kh8 27. f3 Bd5 28. Be4 Nf6 29. Bxd5 Nxd5 30. Qe6 Qxe6 31. Rxe6 Rf6 32. Rxf6 Nxf6 33. Bd2 c5 34. dxc5 dxc5 35. Bc1 Rd8 36. Nxc5 Rd1 37. Nb3 Nxh5 38. Bd2 Rxa1 39. Nxa1 Nf6 40. Nb3 Nd7 41. Nxa5 Nc5 42. b3 Be5 43. c4 Bc7 44. Bb4 Nd3 45. Nc6 Nxb4 46. Nxb4 Kg7 47. Nc6 Kf6 48. a5 Ke6 1-0

[Event "CAN-ch U20 1982-83"]
[Site "Toronto CAN"]
[Date "1982.12.29"]
[Round "4"]
[White "Lingo, Richard"]
[Black "Kuznecov, Alex"]
[Result "1-0"]
[WhiteElo "1871"]
[BlackElo "2164"]
[PlyCount "105"]
[GameId "2160767912811093"]
[EventDate "1982.12.26"]
[EventType "tourn"]
[EventRounds "11"]
[EventCountry "CAN"]
[SourceTitle "FQE 05"]

1. Nf3 c5 2. b3 d6 3. e3 Nf6 4. Bb2 e6 5. Be2 Be7 6. O-O O-O 7. c4 b6 8. d4 Nbd7 9. Nc3 Bb7 10. Re1 Rc8 11. Rc1 Qc7 12. h3 Qb8 13. Ba1 Qa8 14. Rf1 Rfd8 15. Ne1 d5 16. cxd5 Nxd5 17. Nxd5 Bxd5 18. Bf3 cxd4 19. Bxd4 Bf6 20. Bxd5 Qxd5 21. Nf3 Be7 22. Bb2 Rxc1 23. Bxc1 Nc5 24. Qxd5 Rxd5 25. Bb2 Nd3 26. Ba1 Nb4 27. a4 Rd3 28. Rc1 Rxb3 29. Rc8+ Bf8 30. Be5 Rd3 31. Nd4 Rd1+ 32. Kh2 h6 33. Bd6 Kh7 34. Rxf8 Nd3 35. Rxf7 Kg6 36. Rxa7 Nxf2 37. Be5 Rh1+ 38. Kg3 Ne4+ 39. Kf4 Nf6 40. Bxf6 Kxf6 41. Nf3 Ra1 42. Ra6 Ra2 43. Kg3 Ra3 44. e4 Rb3 45. a5 bxa5 46. Rxa5 Rb4 47. e5+ Kf5 48. Ra7 Kg6 49. Re7 Rb6 50. Nd4 Rb4 51. Rxe6+ Kf7 52. Rd6 Ke7 53. Nc6+ 1-0

[Event "CAN-ch U20 1982-83"]
[Site "Toronto CAN"]
[Date "1982.12.29"]
[Round "4"]
[White "Moffat, Andrei"]
[Black "Bailey, Doug"]
[Result "0-1"]
[WhiteElo "1946"]
[BlackElo "2105"]
[PlyCount "56"]
[GameId "2160767912811094"]
[EventDate "1982.12.26"]
[EventType "tourn"]
[EventRounds "11"]
[EventCountry "CAN"]
[SourceTitle "FQE 05"]

1. e4 c5 2. d4 cxd4 3. c3 Nf6 4. e5 Nd5 5. cxd4 d6 6. Nf3 Nc6 7. Nc3 Nxc3 8. bxc3 e6 9. exd6 Bxd6 10. Bd3 O-O 11. O-O Qa5 12. Ng5 h6 13. Ne4 Be7 14. Qg4 e5 15. Qg3 Bf5 16. Bxh6 Bg6 17. Nc5 Qxc3 18. Rac1 Qa3 19. Qg4 Bxc5 20. Bxg6 fxg6 21. Qxg6 Rf7 22. Rxc5 Rd8 23. Rfc1 Qxa2 24. R5c2 Qd5 25. h4 Rd6 26. Qg4 Rxh6 27. Qc8+ Kh7 28. dxe5 Qxe5 0-1

[Event "CAN-ch U20 1982-83"]
[Site "Toronto CAN"]
[Date "1982.12.29"]
[Round "4"]
[White "O'Donnell, Tom"]
[Black "Woodley, James"]
[Result "1-0"]
[WhiteElo "2163"]
[BlackElo "2078"]
[PlyCount "75"]
[GameId "2160767912811095"]
[EventDate "1982.12.26"]
[EventType "tourn"]
[EventRounds "11"]
[EventCountry "CAN"]
[SourceTitle "FQE 05"]

1. e4 g6 2. d4 Bg7 3. c4 d6 4. Nc3 Nf6 5. Be2 O-O 6. Be3 Nc6 7. d5 Ne5 8. f4 Neg4 9. Bd2 h5 10. h3 Nh6 11. Qc1 e6 12. f5 Nxe4 13. Nxe4 Qh4+ 14. Nf2 Nxf5 15. Nf3 Qe7 16. O-O exd5 17. Re1 d4 18. Bd3 Qd7 19. Bxf5 Qxf5 20. Bh6 c5 21. Ne4 Rd8 22. Nh4 Qe5 23. Nf6+ Qxf6 24. Bg5 Bh6 25. Bxf6 Bxc1 26. Bxd8 Bxb2 27. Rab1 Be6 28. Bf6 Bxc4 29. Rxb2 b5 30. Be7 Be6 31. Bxd6 c4 32. Rxb5 c3 33. Rb8+ Rxb8 34. Bxb8 d3 35. Nf3 g5 36. Rc1 d2 37. Nxd2 cxd2 38. Rd1 1-0

[Event "CAN-ch U20 1982-83"]
[Site "Toronto CAN"]
[Date "1982.12.30"]
[Round "5"]
[White "Bailey, Doug"]
[Black "Lingo, Richard"]
[Result "1-0"]
[WhiteElo "2105"]
[BlackElo "1871"]
[PlyCount "85"]
[GameId "2160767912811097"]
[EventDate "1982.12.26"]
[EventType "tourn"]
[EventRounds "11"]
[EventCountry "CAN"]
[SourceTitle "FQE 05"]

1. e4 Nf6 2. e5 Nd5 3. d4 d6 4. c4 Nb6 5. exd6 exd6 6. Nc3 Be7 7. Be2 O-O 8. Nf3 Bf6 9. O-O Nc6 10. Be3 Bg4 11. b3 d5 12. c5 Nc8 13. h3 Be6 14. b4 a6 15. Qb3 N8e7 16. Bd3 Qd7 17. a4 Rfd8 18. Rad1 Nf5 19. b5 Na5 20. Qc2 h6 21. Bf4 Nh4 22. Nxh4 Bxh4 23. Ne2 axb5 24. axb5 Nc4 25. Ng3 Ra5 26. Qe2 Bxg3 27. fxg3 Rda8 28. Rb1 Ra2 29. Qh5 R8a3 30. c6 Qc8 31. Bxc4 dxc4 32. d5 bxc6 33. dxe6 Qxe6 34. Qe5 Qg6 35. bxc6 Rxg2+ 36. Kxg2 Qc2+ 37. Bd2 c3 38. Rb8+ Kh7 39. Qf5+ Qxf5 40. Rxf5 Ra2 41. Rb1 Rxd2+ 42. Rf2 c2 43. Rc1 1-0

[Event "CAN-ch U20 1982-83"]
[Site "Toronto CAN"]
[Date "1982.12.30"]
[Round "5"]
[White "Barclay, Wayne"]
[Black "Gardner, Robert"]
[Result "1-0"]
[WhiteElo "2177"]
[BlackElo "1916"]
[PlyCount "57"]
[GameId "2160767912811098"]
[EventDate "1982.12.26"]
[EventType "tourn"]
[EventRounds "11"]
[EventCountry "CAN"]
[SourceTitle "FQE 05"]

1. d4 Nf6 2. Nf3 g6 3. g3 Bg7 4. Bg2 O-O 5. O-O d5 6. c4 dxc4 7. Qa4 Nd5 8. Qxc4 Nc6 9. Rd1 Nb6 10. Qc2 Bf5 11. e4 Bg4 12. d5 Ne5 13. Nbd2 f5 14. Re1 Nxf3+ 15. Nxf3 fxe4 16. Qxe4 Bf5 17. Qh4 Bf6 18. Ng5 h5 19. h3 Nxd5 20. g4 Bxg5 21. Bxg5 hxg4 22. Rad1 Qc8 23. Bxd5+ e6 24. hxg4 exd5 25. Re7 Rf7 26. Rxf7 Kxf7 27. Qh7+ Kf8 28. gxf5 Qxf5 29. Bh6+ 1-0

[Event "CAN-ch U20 1982-83"]
[Site "Toronto CAN"]
[Date "1982.12.30"]
[Round "5"]
[White "Hotz, Glyn"]
[Black "Moffat, Andrei"]
[Result "0-1"]
[WhiteElo "2044"]
[BlackElo "1946"]
[PlyCount "140"]
[GameId "2160767912811100"]
[EventDate "1982.12.26"]
[EventType "tourn"]
[EventRounds "11"]
[EventCountry "CAN"]
[SourceTitle "FQE 05"]

1. e4 d6 2. d4 Nf6 3. Nc3 g6 4. Bg5 Bg7 5. Qd2 c6 6. a4 Qa5 7. Ra3 Nbd7 8. f4 e5 9. Nf3 O-O 10. fxe5 dxe5 11. Be2 exd4 12. Qxd4 Nd5 13. Qd2 Nxc3 14. bxc3 Nf6 15. e5 Ne4 16. Qe3 Nxg5 17. Nxg5 Qxe5 18. Qxe5 Bxe5 19. O-O Kg7 20. Bc4 f6 21. Ne6+ Bxe6 22. Bxe6 Rfe8 23. Bc4 Rad8 24. Bd3 Re7 25. a5 Rde8 26. g3 h5 27. Kg2 h4 28. Re1 hxg3 29. hxg3 f5 30. Rb3 Rd8 31. Reb1 Rdd7 32. Re1 Kf6 33. Kf3 Rh7 34. Kg2 Rhe7 35. Rh1 Rh7 36. Rxh7 Rxh7 37. a6 b6 38. Rb4 Rc7 39. Rb3 Kg5 40. Kf3 c5 41. c4 Bd4 42. Rb1 Rh7 43. Re1 Rh2 44. Re2 Rh1 45. Re7 Rh2 46. Re2 Rxe2 47. Bxe2 Kf6 48. g4 Ke5 49. Bd1 Bb2 50. gxf5 gxf5 51. c3 Bxc3 52. Ba4 Kd4 53. Bb5 Bd2 54. Kf2 f4 55. Kf3 Kd3 56. Kf2 Ke4 57. Bc6+ Kd4 58. Bb5 Be3+ 59. Ke2 Kc3 60. Ke1 f3 61. Kf1 Kd3 62. Bc6 Kxc4 63. Bxf3 Kc3 64. Ke2 Bd2 65. Bc6 c4 66. Kd1 Kb2 67. Be4 c3 68. Bd3 Bh6 69. Be4 b5 70. Bd3 b4 0-1

[Event "CAN-ch U20 1982-83"]
[Site "Toronto CAN"]
[Date "1982.12.30"]
[Round "5"]
[White "Kuznecov, Alex"]
[Black "O'Donnell, Tom"]
[Result "1/2-1/2"]
[WhiteElo "2164"]
[BlackElo "2163"]
[PlyCount "81"]
[GameId "2160767912811101"]
[EventDate "1982.12.26"]
[EventType "tourn"]
[EventRounds "11"]
[EventCountry "CAN"]
[SourceTitle "FQE 05"]

1. e4 e5 2. Nf3 Nc6 3. Bb5 a6 4. Ba4 Nf6 5. O-O Be7 6. Re1 b5 7. Bb3 d6 8. c3 Na5 9. Bc2 c5 10. d4 Qc7 11. a4 Rb8 12. dxe5 dxe5 13. axb5 axb5 14. Nxe5 Qxe5 15. Rxa5 Ng4 16. Qf3 Qxh2+ 17. Kf1 Be6 18. b3 Qc7 19. Bf4 Nh2+ 20. Bxh2 Qxh2 21. Ra7 h5 22. Qg3 Qxg3 23. fxg3 Bd8 24. Nd2 Bb6 25. Raa1 h4 26. gxh4 Rxh4 27. Nf3 Rf4 28. Ke2 Rg4 29. Rh1 Ke7 30. Kf1 Rb7 31. Rh4 Rxh4 32. Nxh4 Bc7 33. Nf5+ Kf6 34. Ke2 Be5 35. Rf1 Kg5 36. b4 Rd7 37. Rd1 Rxd1 38. Kxd1 Bxc3 39. bxc5 b4 40. c6 b3 41. Bb1 1/2-1/2

[Event "CAN-ch U20 1982-83"]
[Site "Toronto CAN"]
[Date "1982.12.30"]
[Round "5"]
[White "Woodley, James"]
[Black "Bolduc, Steve"]
[Result "1/2-1/2"]
[WhiteElo "2078"]
[BlackElo "2099"]
[PlyCount "87"]
[GameId "2160767912811102"]
[EventDate "1982.12.26"]
[EventType "tourn"]
[EventRounds "11"]
[EventCountry "CAN"]
[SourceTitle "FQE 05"]

1. Nf3 Nf6 2. g3 g6 3. Bg2 Bg7 4. d4 d6 5. c4 O-O 6. Nc3 Nc6 7. d5 Na5 8. Nd2 c5 9. O-O a6 10. Qc2 Rb8 11. b3 b5 12. Bb2 bxc4 13. bxc4 Bh6 14. Ncb1 Bd7 15. e4 Ba4 16. Qxa4 Rxb2 17. Nb3 Nxb3 18. axb3 Qb6 19. Qxa6 Qxb3 20. Ra3 Qc2 21. Nc3 Rfb8 22. Qa7 Ng4 23. Nd1 R2b7 24. Qa6 Rb3 25. Rxb3 Qxb3 26. Qa7 Qb7 27. Qxb7 Rxb7 28. f4 Bg7 29. h3 Bd4+ 30. Kh1 Nf6 31. Re1 Rb3 32. g4 Nd7 33. Bf1 g5 34. fxg5 Rb1 35. Kg2 Ne5 36. Be2 Rc1 37. Kg3 Rc2 38. h4 Kg7 39. h5 f6 40. gxf6+ exf6 41. Kf4 h6 42. Ne3 Rb2 43. Nf5+ Kf8 44. Ra1 1/2-1/2

[Event "CAN-ch U20 1982-83"]
[Site "Toronto CAN"]
[Date "1982.12.31"]
[Round "6"]
[White "Gardner, Robert"]
[Black "Dauvergne, Peter"]
[Result "0-1"]
[WhiteElo "1916"]
[BlackElo "1991"]
[PlyCount "112"]
[GameId "2160767912811103"]
[EventDate "1982.12.26"]
[EventType "tourn"]
[EventRounds "11"]
[EventCountry "CAN"]
[SourceTitle "FQE 05"]

1. e4 e6 2. d4 d5 3. Nd2 dxe4 4. Nxe4 Be7 5. Nf3 Nf6 6. Nxf6+ Bxf6 7. Bf4 O-O 8. Bd3 c5 9. h4 cxd4 10. Bxh7+ Kxh7 11. Ng5+ Kg8 12. Qh5 Qa5+ 13. Bd2 Qf5 14. O-O-O Bd7 15. Bb4 Qg6 16. Qxg6 fxg6 17. Bxf8 Kxf8 18. Nh7+ Ke7 19. Nxf6 gxf6 20. Rxd4 Nc6 21. Rd2 Ne5 22. Rhd1 Bc6 23. g3 Rh8 24. f4 Ng4 25. Re1 e5 26. fxe5 fxe5 27. Rd4 Bf3 28. Ra4 a6 29. Ree4 Bxe4 30. Rxe4 Nf6 31. Rxe5+ Kf7 32. Rc5 Re8 33. Rc3 Ke6 34. Re3+ Kd5 35. Rf3 Ne4 36. Rf7 b5 37. g4 Rh8 38. h5 gxh5 39. Rf5+ Kd4 40. Rxh5 Rf8 41. c3+ Kc4 42. g5 Rf1+ 43. Kc2 Rf2+ 44. Kc1 Rg2 45. Rh8 Rxg5 46. Rc8+ Kd5 47. Rd8+ Kc6 48. Rd4 Rg1+ 49. Kc2 Rg2+ 50. Kc1 Nc5 51. Kb1 Na4 52. Rb4 a5 53. Rb3 Kc5 54. Kc1 Kc4 55. Kb1 Kd3 56. c4+ Kxc4 0-1

[Event "CAN-ch U20 1982-83"]
[Site "Toronto CAN"]
[Date "1982.12.31"]
[Round "6"]
[White "Kuznecov, Alex"]
[Black "Bailey, Doug"]
[Result "0-1"]
[WhiteElo "2164"]
[BlackElo "2105"]
[PlyCount "96"]
[GameId "2160767912811104"]
[EventDate "1982.12.26"]
[EventType "tourn"]
[EventRounds "11"]
[EventCountry "CAN"]
[SourceTitle "CFC 1983.03"]

1. e4 c5 2. Nf3 d6 3. d4 cxd4 4. Nxd4 Nf6 5. Nc3 g6 6. Be3 Bg7 7. f3 Nc6 8. Qd2 O-O 9. Bc4 Bd7 10. h4 Ne5 11. Bb3 Qa5 12. O-O-O Rfc8 13. Kb1 Rxc3 14. Qxc3 Qxc3 15. bxc3 Rc8 16. Ne2 a5 17. a3 a4 18. Ba2 Ne8 19. Bd4 Nc7 20. f4 Ng4 21. Bxg7 Kxg7 22. Rd4 Nb5 23. Rxa4 Rxc3 24. Rb4 Nxa3+ 25. Kb2 Rxc2+ 26. Kxa3 Rxe2 27. Rxb7 Nf6 28. Bb1 Rxg2 29. Re1 e5 30. Rd1 Bc6 31. Rc7 Bxe4 32. fxe5 dxe5 33. Ba2 Rxa2+ 34. Kxa2 Bd5+ 35. Kb2 Be6 36. Re1 Ng4 37. Kc3 Kh6 38. Kd2 Kh5 39. Rh1 h6 40. Ke2 f5 41. Rd1 f4 42. Rh1 Bd5 43. Rd1 Be4 44. Rc4 Bg2 45. Rc3 e4 46. Rc6 f3+ 47. Ke1 f2+ 48. Ke2 Bf3+ 0-1

[Event "CAN-ch U20 1982-83"]
[Site "Toronto CAN"]
[Date "1982.12.31"]
[Round "6"]
[White "Lingo, Richard"]
[Black "Hotz, Glyn"]
[Result "1/2-1/2"]
[WhiteElo "1871"]
[BlackElo "2044"]
[PlyCount "127"]
[GameId "2160767912811105"]
[EventDate "1982.12.26"]
[EventType "tourn"]
[EventRounds "11"]
[EventCountry "CAN"]
[SourceTitle "FQE 05"]

1. Nf3 Nf6 2. c4 d5 3. cxd5 Nxd5 4. Nc3 Nxc3 5. bxc3 g6 6. d4 Bg7 7. Ba3 Nd7 8. e3 c5 9. Qa4 O-O 10. Be2 a6 11. O-O b5 12. Qb3 cxd4 13. cxd4 Nb6 14. Ne5 Be6 15. Qd1 Rc8 16. Rc1 Bxe5 17. dxe5 Rxc1 18. Qxc1 Bxa2 19. Rd1 Qc8 20. Qa1 Bc4 21. Bxc4 Nxc4 22. Bxe7 Re8 23. Bf6 Qe6 24. Qa2 b4 25. h3 Rb8 26. Qb3 a5 27. Qd3 Re8 28. Qb3 Nb6 29. Qb2 Qc4 30. Rd6 Nc8 31. Rd4 Qc7 32. Qa2 Ne7 33. e6 Rd8 34. exf7+ Kf8 35. Rxd8+ Qxd8 36. Qe6 a4 37. Be5 Qd5 38. Bg7+ Kxg7 39. Qxe7 Qxf7 40. Qxb4 Qa2 41. Qe7+ Qf7 42. Qb4 Qd7 43. Qc3+ Kh6 44. Qb4 Kg7 45. Qc3+ Kf7 46. Qc4+ Kf8 47. Qb4+ Ke8 48. Qb8+ Kf7 49. Qf4+ Ke8 50. Qb8+ Ke7 51. Qb4+ Ke6 52. Qg4+ Kd6 53. Qd4+ Kc7 54. Qa7+ Kd8 55. Qa8+ Ke7 56. Qe4+ Kf6 57. Qf4+ Ke7 58. Qe4+ Kd6 59. Qd4+ Kc7 60. Qa7+ Kd8 61. Qa8+ Ke7 62. Qe4+ Kf7 63. Qf4+ Kg7 64. Qb4 1/2-1/2